Clown's shoes / (Record no. 141204)

MARC details
000 -LEADER
fixed length control field 00471nam a22001817a 4500
005 - DATE AND TIME OF LATEST TRANSACTION
control field 20170616120115.0
010 ## - LCCN (DPL NO)
LC control number ENG-118712
020 ## - INTERNATIONAL STANDARD BOOK NUMBER
International Standard Book Number 9789380925509
Terms of availability 225.00
035 ## - SYSTEM CONTROL NUMBER
System control number EN-102244
037 ## - SOURCE OF ACQUISITION
Source of stock number/acquisition DBAD/PUB
082 ## - DEWEY DECIMAL CLASSIFICATION NUMBER
Classification number S
100 ## - MAIN ENTRY--PERSONAL NAME
Personal name Rebecca F. John
245 ## - TITLE STATEMENT
Title Clown's shoes /
Statement of responsibility, etc by Rebecca F. John
260 ## - PUBLICATION, DISTRIBUTION, ETC. (IMPRINT)
Place of publication, distribution, etc Kolkata
Name of publisher, distributor, etc Bee Books
Date of publication, distribution, etc 2017
270 ## - ADDRESS
Address 1/1 Brindaban Mallick Lane Kolkata-700009
300 ## - PHYSICAL DESCRIPTION
Extent 136p
Dimensions 21cm.(pbk)
942 ## - ADDED ENTRY ELEMENTS (KOHA)
Source of classification or shelving scheme Dewey Decimal Classification
Item type English Books
Classification part S
Call number suffix JOH
Holdings
Withdrawn status Lost status Not for loan Collection code Home library Current library Date acquired Source of acquisition Cost, normal purchase price Full call number Barcode Copy number Cost, replacement price Koha item type
      Fiction Central Library Central Library 16/06/2017 DBAD 225.00 S JOH EN-102244 1 225.00 English Books

© Delhi Public Library
Hit Counter
free hit counter